|
|
|
|
| LEADER |
00000nam a2200000 a 4500 |
| 001 |
vtls001324356 |
| 003 |
SK-MaSNL |
| 005 |
20260301065708.0 |
| 008 |
240226s1998 xo o rb 000 0 slo |
| 015 |
|
|
|a SNBE1998/02-00665
|
| 035 |
|
|
|a SNK000277063
|
| 035 |
|
|
|a urn:nbn:sk:snk-amkume
|
| 035 |
|
|
|a urn:nbn:sk:snk-am004hp0
|
| 035 |
|
|
|a 2372F280-A5E9-4BD1-89B3-6388B1DB1C5F
|
| 040 |
|
|
|a SNK
|b slo
|c SNK
|e AACR2
|
| 041 |
0 |
|
|a slo
|
| 044 |
|
|
|a xo
|c SK
|
| 080 |
|
|
|a 746.21.071.1:061.4(083.97)
|2 1981
|
| 080 |
|
|
|a 929 Frajkorová, Jana
|2 1981
|
| 245 |
0 |
0 |
|a Mestské kultúrne stredisko Trenčín Vás pozýva na otvorenie výstavy Moderná paličkovaná čipka
|b [pozvánka] : 5. februára 1998 o 16.00 h.
|
| 246 |
1 |
0 |
|a Moderná paličkovaná čipka
|
| 260 |
|
|
|a Trenčín
|b Mestské kultúrne stredisko
|c 1998
|
| 300 |
|
|
|a 1 zlož. list ([5] s.)
|b fotogr.
|c 21 x 10 cm
|
| 504 |
|
|
|a Obsahuje biogr. údaje
|
| 600 |
1 |
7 |
|a Frajkorová, Jana,
|d 1964-
|2 SNK
|9 117883
|
| 600 |
1 |
7 |
|a Beťková, Dana
|2 SNK
|9 42875
|
| 610 |
2 |
7 |
|a Mestské kultúrne stredisko (Trenčín, Slovensko)
|2 SNK
|9 32831
|
| 648 |
|
7 |
|a 1998
|2 SNKPH
|9 282348
|
| 650 |
0 |
7 |
|a paličkovaná čipka
|2 SNKPH
|9 28807
|
| 650 |
0 |
7 |
|a čipkárstvo
|2 SNKPH
|9 18413
|
| 650 |
0 |
7 |
|a výstavy
|2 SNKPH
|9 2780
|
| 655 |
|
7 |
|a pozvánky
|2 SNK
|9 71913
|
| 710 |
2 |
|
|a Mestské kultúrne stredisko (Trenčín, Slovensko)
|4 pbl
|9 32831
|
| 958 |
|
|
|a BX
|
| 999 |
|
|
|c 631663
|d 633593
|
| 952 |
|
|
|t P60, <03>, [BOOK], {603}
|a SNK
|b SNK
|y PREZ
|7 0
|p 17A1162595
|o snkOSC 19566
|i snkKSP 2801/98
|0 0
|1 0
|4 0
|d 1998-03-16
|f 1
|l 0
|r 2005-01-02 00:00:00
|w 2026-02-23
|